Genderscapes : (Record no. 30939)

MARC details
000 -LEADER
fixed length control field 01052nam a22002777a 4500
005 - DATE AND TIME OF LATEST TRANSACTION
control field 20091015111359.0
008 - FIXED-LENGTH DATA ELEMENTS--GENERAL INFORMATION
fixed length control field 091015t xxu||||| |||| 00| 0 eng d
010 ## - LCCN (DPL NO)
LC control number ENG-95123
020 ## - INTERNATIONAL STANDARD BOOK NUMBER
International Standard Book Number 9788189884123
Terms of availability 695.00
035 ## - SYSTEM CONTROL NUMBER
System control number EN-78656
037 ## - SOURCE OF ACQUISITION
Source of stock number/acquisition DBAD/PUB
040 ## - CATALOGING SOURCE
Original cataloging agency DPL
Language of cataloging ENG
082 ## - DEWEY DECIMAL CLASSIFICATION NUMBER
Classification number 333.70954
100 ## - MAIN ENTRY--PERSONAL NAME
Personal name Sumi Krishna
245 ## - TITLE STATEMENT
Title Genderscapes :
Statement of responsibility, etc by Sumi Krishna
Remainder of title revisioning natural resource management /
260 ## - PUBLICATION, DISTRIBUTION, ETC. (IMPRINT)
Place of publication, distribution, etc New Delhi
Name of publisher, distributor, etc Zubaan
Date of publication, distribution, etc 2008
270 ## - ADDRESS
Address 128-B, Shahpur Jat, 1st floor
City New Delhi
Postal code 110049
300 ## - PHYSICAL DESCRIPTION
Extent xi, 476 p.
Dimensions 22 cm.(Hb)
500 ## - GENERAL NOTE
General note Includes bibliographical references and index
650 ## - SUBJECT ADDED ENTRY--TOPICAL TERM
Topical term or geographic name as entry element Natural resources |
Geographic subdivision India
650 ## - SUBJECT ADDED ENTRY--TOPICAL TERM
Topical term or geographic name as entry element Women and the environment
Geographic subdivision India
650 ## - SUBJECT ADDED ENTRY--TOPICAL TERM
Topical term or geographic name as entry element Ecofeminism
Geographic subdivision India
650 ## - SUBJECT ADDED ENTRY--TOPICAL TERM
Topical term or geographic name as entry element Sex role
General subdivision Environmental aspects
Geographic subdivision India
942 ## - ADDED ENTRY ELEMENTS (KOHA)
Source of classification or shelving scheme Dewey Decimal Classification
Item type English Books
Call number suffix SUM
Classification part 333.70954
Holdings
Withdrawn status Lost status Source of classification or shelving scheme Damaged status Not for loan Collection code Home library Current library Date acquired Source of acquisition Cost, normal purchase price Total Checkouts Full call number Barcode Date last seen Copy number Cost, replacement price Koha item type
    Dewey Decimal Classification   Not For Loan Non-fiction D.B.Act.Division D.B.Act.Division 15/10/2009 DBAD / PUB 695.00   333.70954 SUM EN-78656 15/10/2009 1 695.00 English Books

© Delhi Public Library
Hit Counter
free hit counter